000 00534nam a22001817a 4500
001 T027600009980
008 181111b xve|||||r|||| 00| | esp d
020 _a978-980-6889-12-5
099 _a307.760987
_bL128
100 _aLacabana, Miguel
245 _aEntre la ciudad global y la periferia en transición: Caracas-Valles del Tuy Medio
260 _a
500 _aImpreso
650 _aCaracas--Condiciones Sociales
650 _aValles del Tuy Medio--Condiciones Sociales
700 _aCariola, Cecilia
_e
942 _cLIB
999 _c10983
_d10983